| 000 -LEADER |
| fixed length control field |
01522pab a2200169 454500 |
| 008 - FIXED-LENGTH DATA ELEMENTS--GENERAL INFORMATION |
| fixed length control field |
180718b2002 xxu||||| |||| 00| 0 eng d |
| 100 ## - MAIN ENTRY--PERSONAL NAME |
| Personal name |
Gould, Jon B. |
| 245 ## - TITLE STATEMENT |
| Title |
Playing with fire: the civil liberties implications of September 11th |
| 260 ## - PUBLICATION, DISTRIBUTION, ETC. |
| Date of publication, distribution, etc. |
2002 |
| 300 ## - PHYSICAL DESCRIPTION |
| Extent |
p.74-79. |
| 362 ## - DATES OF PUBLICATION AND/OR SEQUENTIAL DESIGNATION |
| Dates of publication and/or sequential designation |
Sep |
| 520 ## - SUMMARY, ETC. |
| Summary, etc. |
The aftermath of September 11th has seen a worrisome rise in invasive surveillance measures. Both adopted by statute and initiated by agencies, these provisions provide unprecedented powers for government agents to investigatge suspects and search individuals, whether they are directly involved in terrorism or not. The prevailing wisdom has been that the American people will accept these restrictions as the natural cost of heightened security, and initial evidence suggests the public has been willing to tolerate greater limits on civil liberties. However, over time such support will erode, leaving in place permanent restrictions on civil liberties that not only will concern Americans, but also may turn them against government officials and civic participation. Thus, contrary to many interpretations of September 11th, this article argues that the policy response has only sown the seeds for greater detachment from and dissatisfaction with government as the public becomes increasingly separated from the workings and operations of public policy. - Reproduced. |
| 650 ## - SUBJECT ADDED ENTRY--TOPICAL TERM |
| Topical term or geographic name entry element |
Human rights - United States |
| 650 ## - SUBJECT ADDED ENTRY--TOPICAL TERM |
| Topical term or geographic name entry element |
Human rights |
| 773 ## - HOST ITEM ENTRY |
| Main entry heading |
Public Administration Review |
| 909 ## - |
| -- |
53851 |